=LDR 00000nam 2200000 4500 =001 INLIS000000000010254 =005 20130612101942 =008 ***********************************Ind** =035 ##$$0010-061300000010254 =041 ##$$a Ind =082 ##$$a 530.76 =090 ##$$a 530.76, Sul i =100 ##$$a SULISTYO =245 ##$$a Intisari Fisika untuk kelas 1, 2 dan 3 SMU =260 ##$$a 2002 $b Bandung =300 ##$$a 536 hlm, 20 cm =650 ##$$a Fisika - Tes dan Evaluasi =850 ##$$a NBPNMAT